Capitales de l'Union Européenne en 15 secondes - Statistiques

Statistiques générales
  • Ce quiz a été pris 112 fois
  • Le résultat moyen est 6 sur 27
Statistiques - réponses
pays capitale % Correct
Allemagne Berlin
91%
Autriche Vienne
61%
France Paris
60%
Belgique Bruxelles
58%
Espagne Madrid
38%
Bulgarie Sofia
38%
Italie Rome
32%
Chypre Nicosie
26%
Croatie Zagreb
26%
Portugal Lisbonne
22%
Lettonie Riga
17%
Danemark Copenhague
16%
Irlande Dublin
14%
Grèce Athenes
13%
Estonie Tallinn
12%
Pays-Bas Amsterdam
10%
Hongrie Budapest
9%
Roumanie Bucarest
8%
République tchèque Prague
8%
Finlande Helsinki
5%
Malte La Valette
5%
Luxembourg Luxembourg
5%
Suède Stockholm
4%
Slovénie Ljubljana
3%
Pologne Varsovie
3%
Lituanie Vilnius
1%
Slovaquie Bratislava
0%
Aucun quiz correspondant
Distribution des résultats
% des personnes avec chaque résultat
Percentile par nombre de réponses
Votre historique - résultats
Vous n’avez pas pris ce quiz